Học thiết kế web bằng hình minh họa : Tin học và đời sống
Nội dung quyển sách giới thiệu về cách thiết kế trang web thông qua hướng dẫn bằng những hình minh họa, gồm 3 phần: Tìm hiểu việc mã hóa trang web; Tạo và định dạng trang web; Bổ sung tính tương tác với Javascript....
Na minha lista:
| Autor principal: | |
|---|---|
| Formato: | Livro |
| Idioma: | Undetermined |
| Publicado em: |
Tp. Hồ Chí Minh
Phương Đông
2007
|
| Assuntos: | |
| Tags: |
Adicionar Tag
Sem tags, seja o primeiro a adicionar uma tag!
|
| Thư viện lưu trữ: | Trung tâm Học liệu Trường Đại học Cần Thơ |
|---|
| LEADER | 01025nam a2200217Ia 4500 | ||
|---|---|---|---|
| 001 | CTU_174382 | ||
| 008 | 210402s9999 xx 000 0 und d | ||
| 082 | |a 005.72 | ||
| 082 | |b S312/T.1 | ||
| 100 | |a Nguyễn, Trường Sinh | ||
| 245 | 0 | |a Học thiết kế web bằng hình minh họa : | |
| 245 | 0 | |b Tin học và đời sống | |
| 245 | 0 | |c Nguyễn Trường Sinh chủ biên | |
| 260 | |a Tp. Hồ Chí Minh | ||
| 260 | |b Phương Đông | ||
| 260 | |c 2007 | ||
| 520 | |a Nội dung quyển sách giới thiệu về cách thiết kế trang web thông qua hướng dẫn bằng những hình minh họa, gồm 3 phần: Tìm hiểu việc mã hóa trang web; Tạo và định dạng trang web; Bổ sung tính tương tác với Javascript. | ||
| 650 | |a Web sites,Thiết kế web | ||
| 650 | |x Computer programs,Chương trình máy tính | ||
| 904 | |i Tuyến | ||
| 980 | |a Trung tâm Học liệu Trường Đại học Cần Thơ | ||